[Event "Katowice rapid op"]
[Site "Katowice"]
[Date "2025.05.31"]
[Round "6"]
[White "Ugorek, Kacper"]
[Black "Adamczyk, Zuzanna"]
[Result "1-0"]
[WhiteElo "2271"]
[BlackElo "1907"]
[PlyCount "89"]
[EventDate "2025.05.31"]
[EventType "swiss"]
[EventRounds "11"]
[EventCountry "POL"]
[SourceTitle "CB24_2025"]
[SourceDate "2025.06.11"]
[SourceVersion "1"]
[SourceVersionDate "2025.06.11"]
[SourceQuality "1"]

1. c4 c6 2. Nc3 d5 3. d4 Nf6 4. cxd5 cxd5 5. Bg5 Nc6 6. Bxf6 exf6 7. e3 Be6 8. Bd3 Bd6 9. Nge2 0-0 10. 0-0 Rc8 11. Rc1 a6 12. Na4 Na5 13. Nc5 Bxc5 14. dxc5 Nc4 15. Qc2 Qa5 16. b3 Na3 17. Qc3 Qxc3 18. Rxc3 Nb5 19. Rcc1 Na7 20. Nd4 Nc6 21. Nxc6 Rxc6 22. b4 Rfc8 23. Rc2 a5 24. a3 axb4 25. axb4 R6c7 26. Rfc1 Kf8 27. b5 Bd7 28. b6 Rc6 29. Bb5 Ke7 30. Bxc6 Bxc6 31. Ra1 f5 32. g3 Ke6 33. Kf1 Ke5 34. Ke2 h5 35. h4 Bb5+ 36. Kd2 g6 37. Ra7 Bc6 38. Kc3 Ke6 39. Rca2 Kd7 40. Ra8 Rxa8 41. Rxa8 Ke6 42. Kd4 Ke7 43. Rc8 Kd7 44. Rc7+ Kd8 45. Rxf7 1-0

[Event "POL-chT 1st League"]
[Site "Darlowo"]
[Date "2024.09.19"]
[Round "6.6"]
[White "Kubicka, Anna"]
[Black "Adamczyk, Zuzanna"]
[Result "1/2-1/2"]
[WhiteElo "2259"]
[BlackElo "1985"]
[PlyCount "157"]
[EventDate "2024.09.14"]
[EventType "team-swiss"]
[EventRounds "9"]
[EventCountry "POL"]
[SourceTitle "EXT 2025"]
[Source "ChessBase"]
[SourceDate "2024.10.14"]
[SourceVersion "1"]
[SourceVersionDate "2024.10.14"]
[SourceQuality "1"]

1. e4 c5 2. Nf3 Nc6 3. Bb5 e6 4. 0-0 Qc7 5. Re1 Nge7 6. d4 Nxd4 7. Nxd4 cxd4 8. Qxd4 Nc6 9. Bxc6 Qxc6 10. c4 Qc5 11. Qd3 Be7 12. Be3 Qc6 13. Nc3 0-0 14. Nb5 a6 15. Nd4 Qc7 16. c5 d6 17. cxd6 Qxd6 18. Qe2 e5 19. Nb3 Qg6 20. Bc5 Bg4 21. Qd3 Rfd8 22. Qg3 Bxc5 23. Nxc5 b6 24. Nd3 f6 25. Nb4 Be6 26. Qe3 b5 27. a4 Qf7 28. axb5 axb5 29. Rxa8 Rxa8 30. Qc5 Bc4 31. h3 Qf8 32. Qxf8+ Kxf8 33. Rd1 Ke7 34. f3 Ke6 35. Kf2 Ra4 36. Nc6 Ra6 37. Nd8+ Ke7 38. Nb7 Rb6 39. Nc5 Rd6 40. Rxd6 Kxd6 41. b4 h5 42. Kg3 g6 43. Kh4 Bf7 44. Nd3 g5+ 45. Kg3 h4+ 46. Kh2 Bc4 47. Nf2 Ke6 48. g3 Kf7 49. Ng4 Kg6 50. Ne3 Be6 51. Kg2 Kh5 52. Nd1 Kg6 53. Nb2 Kh5 54. Nd3 Bc4 55. Nc5 Kg6 56. Nb7 Be6 57. Kh2 Kh5 58. Nd6 Bd7 59. Kg2 Kg6 60. Nb7 Be6 61. Nc5 Bc4 62. Kf2 Kh5 63. Nd7 Kg6 64. Kg2 Kf7 65. Nb8 Kg6 66. Na6 Kh5 67. Nc7 Kg6 68. Ne8 Be6 69. Kh2 Bd7 70. Nc7 Bc6 71. Ne6 Be8 72. Nc5 Bf7 73. Nd3 Bc4 74. Ne1 Be6 75. Ng2 Kh5 76. Ne3 Kg6 77. Kg2 Kh5 78. Kh2 Kg6 79. Kg2 1/2-1/2

[Event "Titled Tuesday intern op 12th Dec Late"]
[Site "Chess.com INT"]
[Date "2023.12.12"]
[Round "6"]
[White "Adamczyk, Zuzanna"]
[Black "Olsen, Filip Boe"]
[Result "0-1"]
[WhiteElo "1978"]
[BlackElo "2423"]
[PlyCount "136"]
[EventDate "2023.12.12"]
[EventType "swiss (blitz)"]
[EventRounds "11"]
[EventCountry "USA"]
[SourceTitle "EXT 2025"]
[Source "ChessBase"]
[SourceDate "2024.10.14"]
[SourceVersion "1"]
[SourceVersionDate "2024.10.14"]
[SourceQuality "1"]

1. Nf3 d5 2. b3 Nf6 3. Bb2 Bf5 4. e3 e6 5. c4 c6 6. Nc3 Be7 7. Ne2 Nbd7 8. Ng3 Bg6 9. h4 h6 10. d4 Ne4 11. Nxe4 Bxe4 12. Ng1 Bxh4 13. Nf3 Be7 14. Bd3 Nf6 15. Ne5 Bb4+ 16. Kf1 Bxd3+ 17. Qxd3 Ne4 18. Rh3 Qf6 19. Rf3 Nd2+ 20. Ke2 Nxf3 21. gxf3 Qf5 22. e4 dxe4 23. fxe4 Qh5+ 24. Nf3 0-0-0 25. Rg1 g5 26. d5 Rhe8 27. Bf6 exd5 28. cxd5 Rxd5 29. Qe3 Rd2+ 30. Kf1 Qh3+ 31. Rg2 Rd1+ 32. Ke2 Qxg2 33. Kxd1 Qf1+ 34. Kc2 g4 35. Ne5 Qa1 36. Qxa7 Kc7 37. Nxg4 Qe1 38. Qd4 Qxe4+ 39. Qxe4 Rxe4 40. f3 Re2+ 41. Kd3 Rxa2 42. Nxh6 Rf2 43. Ke4 Re2+ 44. Kf5 Re3 45. f4 Rxb3 46. Nxf7 Bd2 47. Be5+ Kd7 48. Ng5 c5 49. Ne4 Be3 50. Kg6 Rb4 51. Kf5 Bd4 52. Nf6+ Kc6 53. Ke6 Bxe5 54. fxe5 c4 55. Kf5 c3 56. e6 Rb5+ 57. Kg6 Re5 58. Kf7 c2 59. e7 Rxe7+ 60. Kxe7 c1Q 61. Nd7 Qe3+ 62. Ne5+ Qxe5+ 63. Kd8 Qc7+ 64. Ke8 Kd6 65. Kf8 Ke6 66. Kg8 Kf6 67. Kh8 Kg6 68. Kg8 Qc8# 0-1

[Event "Titled Tuesday intern op 12th Dec Late"]
[Site "Chess.com INT"]
[Date "2023.12.12"]
[Round "4"]
[White "Adamczyk, Zuzanna"]
[Black "Wartiovaara, Oliver"]
[Result "1-0"]
[WhiteElo "1978"]
[BlackElo "2294"]
[PlyCount "75"]
[EventDate "2023.12.12"]
[EventType "swiss (blitz)"]
[EventRounds "11"]
[EventCountry "USA"]
[SourceTitle "EXT 2025"]
[Source "ChessBase"]
[SourceDate "2024.10.14"]
[SourceVersion "1"]
[SourceVersionDate "2024.10.14"]
[SourceQuality "1"]

1. d4 Nf6 2. Nf3 g6 3. g3 Bg7 4. Bg2 0-0 5. 0-0 d6 6. c4 Bf5 7. Nc3 Ne4 8. Nxe4 Bxe4 9. b3 c5 10. Bb2 Nc6 11. Qd2 Bxf3 12. Bxf3 cxd4 13. Bxc6 bxc6 14. Bxd4 e5 15. Bb2 Qc7 16. Rfd1 Rfd8 17. Rac1 a5 18. Ba3 c5 19. Qd5 h5 20. Rc3 a4 21. b4 cxb4 22. Bxb4 Ra6 23. c5 Qb8 24. a3 e4 25. Rc4 Be5 26. Rxe4 Re8 27. cxd6 Bf6 28. d7 Rd8 29. Ba5 Rxa5 30. Qxa5 Qb3 31. Qd5 Qxa3 32. Re8+ Kg7 33. Rxd8 Bxd8 34. Qe5+ Kh7 35. Qe8 Qb3 36. Rd3 Qb1+ 37. Kg2 Qb7+ 38. Rf3 1-0

[Event "Titled Tuesday intern op 12th Dec Late"]
[Site "Chess.com INT"]
[Date "2023.12.12"]
[Round "8"]
[White "Asylov, Miras"]
[Black "Adamczyk, Zuzanna"]
[Result "1-0"]
[WhiteElo "2268"]
[BlackElo "1978"]
[PlyCount "57"]
[EventDate "2023.12.12"]
[EventType "swiss (blitz)"]
[EventRounds "11"]
[EventCountry "USA"]
[SourceTitle "EXT 2025"]
[Source "ChessBase"]
[SourceDate "2024.10.14"]
[SourceVersion "1"]
[SourceVersionDate "2024.10.14"]
[SourceQuality "1"]

1. a4 e5 2. Na3 d5 3. d4 e4 4. Bf4 c6 5. e3 Bd6 6. Ne2 Ne7 7. c3 Bg4 8. Bxd6 Qxd6 9. Nc2 Nd7 10. b3 0-0 11. a5 f5 12. Qd2 Bxe2 13. Bxe2 f4 14. exf4 Rxf4 15. Ne3 Raf8 16. 0-0 Ng6 17. c4 Rh4 18. g3 Rh6 19. cxd5 cxd5 20. Nxd5 Kh8 21. Ne3 Nde5 22. Rfd1 Nf3+ 23. Bxf3 exf3 24. Rac1 Qd7 25. h4 Qh3 26. Qb4 Re8 27. Qd6 Rxh4 28. gxh4 Nxh4 29. Qg3 1-0

[Event "Titled Tuesday intern op 12th Dec Late"]
[Site "Chess.com INT"]
[Date "2023.12.12"]
[Round "1"]
[White "Tokhirjonova, Gulruhbegim"]
[Black "Adamczyk, Zuzanna"]
[Result "1-0"]
[WhiteElo "2370"]
[BlackElo "1978"]
[PlyCount "123"]
[EventDate "2023.12.12"]
[EventType "swiss (blitz)"]
[EventRounds "11"]
[EventCountry "USA"]
[SourceTitle "EXT 2025"]
[Source "ChessBase"]
[SourceDate "2024.10.14"]
[SourceVersion "1"]
[SourceVersionDate "2024.10.14"]
[SourceQuality "1"]

1. e4 d6 2. d4 Nf6 3. Nc3 e5 4. Nf3 Nbd7 5. Be2 c6 6. Be3 Qc7 7. Qd2 b5 8. a3 a6 9. Rd1 Be7 10. g4 Nxg4 11. Rg1 Nxe3 12. Qxe3 Bf6 13. dxe5 dxe5 14. h4 Nb6 15. h5 Be6 16. Ng5 Bc4 17. b3 Bxe2 18. Kxe2 Rd8 19. h6 g6 20. Nf3 0-0 21. Qc5 Nd7 22. Qd6 Qxd6 23. Rxd6 Be7 24. Rxc6 Rc8 25. Rxc8 Rxc8 26. Nd5 Bf8 27. c3 Kh8 28. Ra1 Bxh6 29. a4 Nc5 30. axb5 axb5 31. Nxe5 Nxe4 32. Nxf7+ Kg7 33. Ra7 Nxc3+ 34. Kd3 Nxd5 35. Nd6+ Kf6 36. Nxc8 Bf4 37. Rxh7 Be5 38. Rb7 b4 39. Kc4 Nf4 40. Kxb4 Nd3+ 41. Kc4 Nxf2 42. Nb6 g5 43. Nd7+ Kf5 44. Rb5 Ng4 45. Nxe5 Nxe5+ 46. Kd4 Kf4 47. Rxe5 g4 48. Re8 g3 49. Rf8+ Kg4 50. Ke3 g2 51. Kf2 Kh3 52. Rh8+ Kg4 53. Rg8+ Kh3 54. Rxg2 Kh4 55. Rg8 Kh5 56. b4 Kh6 57. b5 Kh7 58. Rg2 Kh6 59. b6 Kh7 60. b7 Kh6 61. b8Q Kh7 62. Qh2# 1-0

[Event "Titled Tuesday intern op 05th Dec Late"]
[Site "Chess.com INT"]
[Date "2023.12.05"]
[Round "5"]
[White "Adamczyk, Zuzanna"]
[Black "Salonen, Aku"]
[Result "0-1"]
[WhiteElo "1978"]
[BlackElo "2265"]
[PlyCount "92"]
[EventDate "2023.12.05"]
[EventType "swiss (blitz)"]
[EventRounds "11"]
[EventCountry "USA"]
[SourceTitle "EXT 2025"]
[Source "ChessBase"]
[SourceDate "2024.10.14"]
[SourceVersion "1"]
[SourceVersionDate "2024.10.14"]
[SourceQuality "1"]

1. d4 Nf6 2. Nf3 e6 3. g3 d5 4. Bg2 Be7 5. 0-0 0-0 6. c4 dxc4 7. Qc2 a6 8. a4 Bd7 9. Qxc4 Bc6 10. Nc3 b5 11. Qb3 b4 12. Nb1 Bd5 13. Qd3 Be4 14. Qd1 Nc6 15. Nbd2 Bd5 16. e3 Na5 17. Ne5 Bxg2 18. Kxg2 c5 19. Ndf3 c4 20. Bd2 Qd5 21. Kg1 Ne4 22. Ne1 c3 23. bxc3 bxc3 24. Bc1 Nb3 25. Ba3 Bxa3 26. Rxa3 Nbd2 27. N1d3 Nxf1 28. Qxf1 f6 29. Nf4 Qd6 30. Nc4 Qc6 31. Qd3 Rac8 32. Na5 c2 33. Nxc6 c1Q+ 34. Kg2 Qxc6 35. d5 exd5 36. Qxd5+ Qxd5 37. Nxd5 Kf7 38. Rb3 Rfd8 39. Rb7+ Kf8 40. Ne7 Rc2 41. Kf3 Nxf2 42. h4 Nd1 43. h5 Rf2+ 44. Kg4 Nxe3+ 45. Kh3 Rd1 46. Kh4 Rh1# 0-1